Riconosci il Pokémon - Quiz n°320 - Statistics

Statistiche generali
  • Questo quiz è stato fatto 0 volte
  • Il punteggio medio è 0 su 10
Statistiche sulle risposte
Indizio Risposta % Corretto
Altezza 1,2 m
0%
Peso 1,8 kg
0%
Tasso di cattura 255 (43.9%)
0%
Sesso 50% ♂, 50% ♀
0%
Tipo Acqua
0%
Stadio evoluzione Forma Base
0%
Tasso di allevamento Medio-Veloce
0%
Generazione Nona
0%
Abilità Viscosità; Paura; Sabbiavelo
0%
Pokémon Wiglett
0%
Nessun quiz corrispondente trovato
Distribuzione punteggi
Percentuale di utenti per punteggio
Percentile per numero di risposta
I tuoi punteggi nel tempo
Non hai fatto questo quiz